000 00778nam a2200205 i 4500
001 24541
003 ES-MaACL
007 t|
008 021217s1936 mx ||||1| spa d
245 0 3 _aLa anexión de Centro América a México
_b: (documentos y escritos de 1821-1822) /
_ccompilación de Rafael Heliodoro Valle.
260 _aMéxico :
_bSecretaría de Relaciones Exteriores,
_c1936.
300 _aIX, 498 p. ;
_c22 cm.
490 1 _aArchivo Histórico Diplomático Mexicano ;
_v40
505 8 _aContiene: T. II
700 1 _aValle, Rafael Heliodoro.
_9112775
710 1 _aMéxico.
_bSecretaría de Relaciones Exteriores.
_95710
830 0 _aArchivo Histórico Diplomático Mexicano ;
_v40
_9180919
852 _aES-MaACL
_jC-7049
_bR.16721
999 _c24541
_d24541